000 00873nam a22002777a 4500
001 8806
003 FISKH
005 20251021142703.0
008 251021b cb ||||| |||| 00| 0 eng d
020 _a9780439468503
040 _aFISKH
_beng
_cFISKH
_dFISKH
050 _aPZ7.R25465 W
082 _a823.914
100 _aRees, Celia
_eAuthor
245 _aWitch child /
_cCelia Rees
260 _aNew York :
_bScholastic ,
_c2001
300 _a260 pages :
_c20 cm
505 _aP
520 _aIn 1659, fourteen-year-old Mary Newbury keeps a journal of her voyage from England to the New World and her experiences living as a witch in a community of Puritans near Salem, Massachusetts.
521 8 _a760
_bLexile
521 8 _aP
_bRaz-Plus
650 _aHistorical fiction
_vMagic
650 _aDiary
_vFantasy
942 _2ddc
_cBK
_n0
999 _c8806
_d8806